| 000 | 00484nam a2200169Ia 4500 | ||
|---|---|---|---|
| 003 | GCL | ||
| 008 | 140319s9999 xx 000 0 eng d | ||
| 040 |
_aGCL / _cGCL |
||
| 082 | 0 | 4 |
_a808.814 _bH T |
| 100 | 1 | _aHIGGINSON, WILLIAM J | |
| 245 | 1 | 0 |
_aTHE HAIKU HANDBOOK : HOW TO WRITE, SHARE, AND TEACH HAIKU / _cHIGGINSON, WILLIAM J |
| 260 |
_a[S.N] : _bKODANSHA INTERNATIONAL ، _c1985 |
||
| 300 | _a331 | ||
| 650 | 0 | 4 | _aHAIKU, JAPAN |
| 650 | 0 | 4 | _aJAPAN - LITERATURE |
| 942 |
_2ddc _cBK |
||
| 999 |
_c19644 _d19644 |
||